Catholic University of Zimbabwe Library
Online Public Access Catalogue
(OPAC)

History of international relations : (Record no. 28463)

MARC details
000 -LEADER
fixed length control field 03675cam a2200589Ii 4500
001 - CONTROL NUMBER
control field bcotR000326
003 - CONTROL NUMBER IDENTIFIER
control field OCoLC
005 - DATE AND TIME OF LATEST TRANSACTION
control field 20210215102217.0
006 - FIXED-LENGTH DATA ELEMENTS--ADDITIONAL MATERIAL CHARACTERISTICS
fixed length control field m o d
007 - PHYSICAL DESCRIPTION FIXED FIELD--GENERAL INFORMATION
fixed length control field cr |n|||||||||
008 - FIXED-LENGTH DATA ELEMENTS--GENERAL INFORMATION
fixed length control field 190801t20192019enka ob 000 0 eng d
015 ## - NATIONAL BIBLIOGRAPHY NUMBER
National bibliography number GBB9E4601
Source bnb
016 7# - NATIONAL BIBLIOGRAPHIC AGENCY CONTROL NUMBER
Record control number 019500219
Source Uk
019 ## -
-- 1111934374
020 ## - INTERNATIONAL STANDARD BOOK NUMBER
International Standard Book Number 9781783740246
Qualifying information (electronic bk.)
020 ## - INTERNATIONAL STANDARD BOOK NUMBER
International Standard Book Number 9781783740260
Qualifying information (digital electronic bk.)
020 ## - INTERNATIONAL STANDARD BOOK NUMBER
International Standard Book Number 9781783747788
Qualifying information (XML electronic bk.)
020 ## - INTERNATIONAL STANDARD BOOK NUMBER
International Standard Book Number 9781783740253
Qualifying information (EPUB electronic bk.)
020 ## - INTERNATIONAL STANDARD BOOK NUMBER
Canceled/invalid ISBN 9781783740239
Qualifying information (hbk.)
020 ## - INTERNATIONAL STANDARD BOOK NUMBER
Canceled/invalid ISBN 9781783740222
Qualifying information (pbk.)
029 1# - OTHER SYSTEM CONTROL NUMBER (OCLC)
OCLC library identifier AU@
System control number 000066031022
029 1# - OTHER SYSTEM CONTROL NUMBER (OCLC)
OCLC library identifier UKMGB
System control number 019500219
029 1# - OTHER SYSTEM CONTROL NUMBER (OCLC)
OCLC library identifier AU@
System control number 000066050210
035 ## - SYSTEM CONTROL NUMBER
System control number (OCoLC)1111810298
040 ## - CATALOGING SOURCE
Original cataloging agency AUD
Language of cataloging eng
Description conventions rda
Transcribing agency AUD
Modifying agency AUD
-- N$T
-- YDXIT
-- N$T
-- YDX
-- OCLCF
-- UKMGB
-- KUK
050 #4 - LIBRARY OF CONGRESS CALL NUMBER
Classification number JZ1305
Item number .R56 2019eb
082 04 - DEWEY DECIMAL CLASSIFICATION NUMBER
Classification number 327.09
Edition number 23
100 1# - MAIN ENTRY--PERSONAL NAME
Personal name Ringmar, Erik,
Relator term author.
245 10 - TITLE STATEMENT
Title History of international relations :
Remainder of title a non-European perspective /
Statement of responsibility, etc. Erik Ringmar.
264 #1 - PRODUCTION, PUBLICATION, DISTRIBUTION, MANUFACTURE, AND COPYRIGHT NOTICE
Name of producer, publisher, distributor, manufacturer Open Book Publishers,
264 #2 - PRODUCTION, PUBLICATION, DISTRIBUTION, MANUFACTURE, AND COPYRIGHT NOTICE
Name of producer, publisher, distributor, manufacturer BCcampus, BC Open Textbook Project
300 ## - PHYSICAL DESCRIPTION
Extent 1 online resource (ix, 206 pages) :
Other physical details colour illustrations
500 ## - GENERAL NOTE
General note This bibliographic record is available under the Creative Commons CC0 "No Rights Reserved" license.
500 ## - GENERAL NOTE
General note aThis work is licensed under the Creative Commons Attribution 4.0 International license CC BY 4.0.
504 ## - BIBLIOGRAPHY, ETC. NOTE
Bibliography, etc. note Includes bibliographical references.
505 0# - FORMATTED CONTENTS NOTE
Formatted contents note Introduction -- China and East Asia -- India and Indianization -- The Muslim Caliphates -- The Mongol Khanates -- Africa -- The Americas -- European Expansion -- Afterthoughts: Walls and Bridges.
520 ## - SUMMARY, ETC.
Summary, etc. "This textbook pioneers a new approach to the study of international relations by historicizing the material traditionally taught in international relations courses and by explicitly focusing on non-European cases, debates, and issues. The volume is divided into three parts. The first part focuses on the international systems that traditionally existed in Europe, East Asia, pre-Columbian Central and South America, Africa, and Polynesia. The second part discusses the ways in which these international systems were brought into contact with each other through the agency of Mongols in Central Asia, Arabs in the Mediterranean, and the Indian Ocean, Indic, and Sinic societies in South East Asia, and the Europeans through their travels and colonial expansion. The concluding section concerns contemporary issues: the processes of decolonization, neo-colonialism, and globalization - and their consequences on contemporary society"--BC Campus website.
588 ## - SOURCE OF DESCRIPTION NOTE
Source of description note Description based on online resource; title from pdf title page (viewed on March 2, 2020).
650 #0 - SUBJECT ADDED ENTRY--TOPICAL TERM
Topical term or geographic name entry element International relations
General subdivision History.
655 #0 - INDEX TERM--GENRE/FORM
Genre/form data or focus term Electronic books.
710 2# - ADDED ENTRY--CORPORATE NAME
Corporate name or jurisdiction name as entry element Open Book Publishers,
Relator term publisher.
710 2# - ADDED ENTRY--CORPORATE NAME
Corporate name or jurisdiction name as entry element BC Open Textbook Project,
Relator term distributor.
710 2# - ADDED ENTRY--CORPORATE NAME
Corporate name or jurisdiction name as entry element BCcampus.
856 40 - ELECTRONIC LOCATION AND ACCESS
Materials specified BC Open Textbook Project title homepage.
Uniform Resource Identifier <a href="https://open.bccampus.ca/browse-our-collection/find-open-textbooks/?uuid=2322e914-3c81-4334-95de-87fa6411a3bd&contributor=&keyword=&subject=">https://open.bccampus.ca/browse-our-collection/find-open-textbooks/?uuid=2322e914-3c81-4334-95de-87fa6411a3bd&contributor=&keyword=&subject=</a>
856 40 - ELECTRONIC LOCATION AND ACCESS
Materials specified BC Open Textbook Project.
Uniform Resource Identifier <a href="http://solr.bccampus.ca:8001/bcc/file/2322e914-3c81-4334-95de-87fa6411a3bd/1/Ringmar-History_of_International_Relations.pdf">http://solr.bccampus.ca:8001/bcc/file/2322e914-3c81-4334-95de-87fa6411a3bd/1/Ringmar-History_of_International_Relations.pdf</a>
856 40 - ELECTRONIC LOCATION AND ACCESS
Materials specified Open Book Publishers.
Uniform Resource Identifier <a href="https://www.openbookpublishers.com/htmlreader/978-1-78374-022-2/main.html">https://www.openbookpublishers.com/htmlreader/978-1-78374-022-2/main.html</a>
Holdings
Withdrawn status Lost status Source of classification or shelving scheme Damaged status Not for loan Home library Current library Shelving location Date acquired Total Checkouts Full call number Date last seen Uniform Resource Identifier Price effective from Koha item type
          Digital Library Digital Library Online Access 15.02.2021   JZ1305 .R56 2019eb 15.02.2021 https://open.bccampus.ca/browse-our-collection/find-open-textbooks/?uuid=2322e914-3c81-4334-95de-87fa6411a3bd&contributor=&keyword=&subject= 15.02.2021 eBook

OPENING HOURS

Weekdays: 0815hrs - 1800hrs
Weekends:0900hrs - 1200hrs

Closed for Mass:

Mon, Thur: 1200hrs - 1300hrs
Sunday & Public Holiday’s

CALL SUPPORT

0242-570570, 0242-570169
09200664, +263 8644140602

LOCATION

18443, Cranborne Avenue, Hatfield, Harare

Other Links


©2021 | CUZ Library